00321nam a2200121Ia 4500008004100000041000800041082001400049100001300063245004300076260004000119300003300159365000700192240624s9999 xx 000 0 und d aeng a658.4 BAS aBASU S K aINDUSTRIAL ORGANIZATION AND MANAGEMENT c2012aNew DelhibPHI Learning India axviii, : 418 : p. : cm. ; 23 cRS